Том второй: Драмы. Рассказы; Сочинения

Podrobná bibliografie
Parent link:Сочинения: в 3 т./ Н. С. Гумилев; худож. Д. Шимилис. Том второй: Драмы. Рассказы.— , 1991-.— 5-280-01536-9
Jazyk:ruština
Vydáno: 1991
Témata:
Médium: MixedMaterials Kniha
KOHA link:https://koha.lib.tpu.ru/cgi-bin/koha/opac-detail.pl?biblionumber=113504

MARC

LEADER 00000nam2a2200000 4500
001 113504
005 20231031121830.0
010 |a 5280015377 
035 |a (RuTPU)RU\TPU\book\122759 
035 |a RU\TPU\book\122757 
090 |a 113504 
100 |a 20070411d1991 m y0rusy50 ca 
101 0 |a rus 
102 |a RU 
105 |a y z 001ay 
200 0 |a Том второй: Драмы. Рассказы 
210 |d 1991 
215 |a 478 с. 
320 |a Примечания: с. 395-477. 
461 1 |0 (RuTPU)RU\TPU\book\112511  |y 5-280-01536-9  |t Сочинения  |o в 3 т.  |f Н. С. Гумилев  |g худож. Д. Шимилис  |v Том второй: Драмы. Рассказы  |d 1991- 
610 1 |a русская литература 
610 1 |a драмы 
610 1 |a рассказы 
675 |a Р1  |v 3 
801 0 |a RU  |b 63413507  |c 20011209  |g PSBO 
801 2 |a RU  |b 63413507  |c 20160310  |g PSBO 
942 |c BK